000 00897nam a22002657a 4500
005 20201128021221.0
008 150219s2015 nyua frb 001 0 eng d
020 _a9781259252112
020 _a1259252116
040 _aEG-ScBUE
_beng
_cEG-ScBUE
_dEG-ScBUE
082 0 4 _222
_a657.96
_bDOU
100 _aDoupnik, Timothy S.
_922502
245 1 0 _aInternational accounting /
_cTimothy Doupnik, Hector Perera.
250 _a4th ed., McGraw-Hill internatonal ed.
260 _aNew York :
_bMcGraw-Hill Education,
_c2015.
300 _axx, 780 p. :
_bill. ;
_c26 cm.
500 _aIndex : p. 772-780.
504 _aIncludes bibliographical references.
650 7 _aInternational business enterprises
_xAccounting.
_93016
_2BUEsh
651 _2BUEsh
653 _bBUSADM
_cFebruary2015
_cFebruary2017
655 _vText book
_933728
700 1 _aPerera, M. H. B.
_937470
942 _2ddc
_k657.96 DOU
999 _c19011
_d18983